Consultancy An Engineer´s Guide to Getting Started
Uložené v:
| Hlavný autor: | |
|---|---|
| Ďalší autori: | |
| Médium: | Kniha |
| Jazyk: | English |
| Vydavateľské údaje: |
Rugby
Institution of Chemical Engineers
2004
|
| Vydanie: | 3. edition |
| On-line prístup: | View in OPAC |
| Tagy: |
Žiadne tagy, Buďte prvý, kto otaguje tento záznam!
|
MARC
| LEADER | 00000nam a2200000 a 4500 | ||
|---|---|---|---|
| 005 | 20260127134226.0 | ||
| 008 | 050304 2004 enk 000 0 eng d | ||
| 020 | |a 0852954379 | ||
| 035 | |a vtls001517556 | ||
| 039 | 9 | |y 200503041156 |z mschk03 | |
| 040 | |a STUSCHK1 |b slo |c STUSCHK1 |e AACR2 | ||
| 080 | |a 614.8 | ||
| 100 | 1 | |a Rowson, Henry | |
| 245 | 1 | |a Consultancy |b An Engineer´s Guide to Getting Started | |
| 250 | |a 3. edition | ||
| 260 | |a Rugby |b Institution of Chemical Engineers |c 2004 | ||
| 300 | |a VI, 54 s. | ||
| 700 | 1 | |a Wright, David |9 444 | |
| 910 | |a SCHK95 | ||
| 919 | |a 0-85295-437-9 | ||
| 999 | |c 7176 |d 7176 | ||